[Event "14th Rubinstein Memorial"]
[Site "Polanica Zdroj POL"]
[Date "1976.08.06"]
[Round "1"]
[White "Doda, Zbigniew"]
[Black "Adamski, Jan"]
[WhiteElo "2405"]
[BlackElo "2415"]
[Result "1/2-1/2"]
[EventDate "1976.08.06"]
[PlyCount "36"]
1. Nf3 Nf6 2. g3 b6 3. Bg2 Bb7 4. d3 c5 5. e4 e6 6. O-O Be7 7. Re1 O-O 8. Nc3 d6 9. e5 dxe5 10. Nxe5 Qc8 11. Bf4 Bxg2 12. Kxg2 Nc6 13. Nxc6 Qxc6+ 14. Qf3 Rac8 15. Qxc6 Rxc6 16. b3 Rd8 17. a4 a6 18. Re2 Kf8 1/2-1/2

[Event "14th Rubinstein Memorial"]
[Site "Polanica Zdroj POL"]
[Date "1976.08.09"]
[Round "4"]
[White "Giorgadze, Tamaz"]
[Black "Popov, Luben"]
[WhiteElo "2475"]
[BlackElo "2430"]
[Result "1/2-1/2"]
[EventDate "1976.08.06"]
[PlyCount "30"]
1. d4 d5 2. c4 c6 3. cxd5 cxd5 4. Nc3 Nf6 5. Nf3 Nc6 6. Bf4 Bf5 7. e3 e6 8. Bd3 Bxd3 9. Qxd3 Bd6 10. Bxd6 Qxd6 11. O-O O-O 12. Qb5 Qb4 13. Qxb4 Nxb4 14. a3 Nc6 15. Rac1 Rfc8 1/2-1/2

[Event "14th Rubinstein Memorial"]
[Site "Polanica Zdroj POL"]
[Date "1976.08.10"]
[Round "5"]
[White "Kirov, Nino"]
[Black "Giorgadze, Tamaz"]
[WhiteElo "2485"]
[BlackElo "2475"]
[Result "1/2-1/2"]
[EventDate "1976.08.06"]
[PlyCount "35"]
1. e4 c5 2. Nf3 Nc6 3. d4 cxd4 4. Nxd4 g6 5. c4 Nf6 6. Nc3 d6 7. Be2 Nxd4 8. Qxd4 Bg7 9. O-O O-O 10. Qe3 Bd7 11. Bd2 Bc6 12. Rac1 e6 13. Rfd1 Qe7 14. b4 b6 15. f3 Rad8 16. Bf1 Rfe8 17. Be1 h6 18. a3 1/2-1/2

[Event "14th Rubinstein Memorial"]
[Site "Polanica Zdroj POL"]
[Date "1976.08.12"]
[Round "6"]
[White "Maciejewski, Andrzej"]
[Black "Schmidt, Wlodzimierz"]
[WhiteElo "2355"]
[BlackElo "2485"]
[Result "0-1"]
[EventDate "1976.08.06"]
[PlyCount "68"]
1. e4 Nf6 2. e5 Nd5 3. d4 d6 4. f4 Bf5 5. Nf3 e6 6. Bd3 Bxd3 7. Qxd3 Be7 8. O-O O-O 9. a3 c5 10. c4 Nc7 11. Nc3 cxd4 12. Ne4 d5 13. cxd5 Qxd5 14. Nfg5 g6 15. Bd2 Nc6 16. Rae1 h6 17. Qh3 hxg5 18. fxg5 Qxe5 19. Nf6+ Bxf6 20. Rxf6 Qd5 21. Rf4 Qxg5 22. Rh4 Qxd2 23. Ree4 Kg7 24. Rh7+ Kf6 25. Qg3 e5 26. h4 Ne6 27. b4 a6 28. a4 Ke7 29. b5 axb5 30. axb5 Ra1+ 31. Kh2 Qd1 32. Qxg6 Qg1+ 33. Kh3 Ra3+ 34. g3 Qh1+ 0-1

[Event "14th Rubinstein Memorial"]
[Site "Polanica Zdroj POL"]
[Date "1976.08.14"]
[Round "8"]
[White "Knezevic, Milorad"]
[Black "Giorgadze, Tamaz"]
[WhiteElo "2460"]
[BlackElo "2475"]
[Result "1/2-1/2"]
[EventDate "1976.08.06"]
[PlyCount "30"]
1. e4 c5 2. c3 e6 3. d4 d5 4. exd5 exd5 5. Nf3 Nc6 6. Bb5 Bd6 7. O-O Nge7 8. Re1 O-O 9. dxc5 Bxc5 10. Be3 Bxe3 11. Rxe3 Qb6 12. Bxc6 Nxc6 13. Qb3 Qc5 14. Qa3 Qxa3 15. Nxa3 Be6 1/2-1/2

[Event "14th Rubinstein Memorial"]
[Site "Polanica Zdroj POL"]
[Date "1976.08.14"]
[Round "8"]
[White "Timoshenko, Gennady"]
[Black "Navarovszky, Laszlo"]
[WhiteElo "2515"]
[BlackElo "2400"]
[Result "1-0"]
[EventDate "1976.08.06"]
[PlyCount "43"]
1. e4 c6 2. d4 d5 3. Nd2 dxe4 4. Nxe4 Bf5 5. Ng3 Bg6 6. h4 h6 7. Nf3 Nd7 8. Bd3 Bxd3 9. Qxd3 Qc7 10. Bd2 e6 11. O-O-O Ngf6 12. Kb1 O-O-O 13. c4 c5 14. Qe2 cxd4 15. Nxd4 Qe5 16. Be3 Ne4 17. Nb5 Bc5 18. Bxc5 Ndxc5 19. b4 Qf4 20. bxc5 Nxf2 21. Rdf1 Qxg3 22. Rxf2 1-0

[Event "14th Rubinstein Memorial"]
[Site "Polanica Zdroj POL"]
[Date "1976.08.15"]
[Round "9"]
[White "Filip, Miroslav"]
[Black "Knezevic, Milorad"]
[WhiteElo "2495"]
[BlackElo "2460"]
[Result "1/2-1/2"]
[EventDate "1976.08.06"]
[PlyCount "38"]
1. Nf3 d5 2. d4 Bf5 3. c4 e6 4. Nc3 c6 5. e3 Nd7 6. Bd3 Bxd3 7. Qxd3 f5 8. cxd5 cxd5 9. Qb5 Rb8 10. Bd2 Bd6 11. Rc1 Ngf6 12. Qb3 a6 13. Ne2 Qb6 14. Nf4 Qxb3 15. axb3 Ke7 16. Nd3 Rhc8 17. Ke2 Ne4 18. Bb4 Bxb4 19. Nxb4 Nd6 1/2-1/2

[Event "14th Rubinstein Memorial"]
[Site "Polanica Zdroj POL"]
[Date "1976.08.15"]
[Round "9"]
[White "Giorgadze, Tamaz"]
[Black "Maciejewski, Andrzej"]
[WhiteElo "2475"]
[BlackElo "2355"]
[Result "1/2-1/2"]
[EventDate "1976.08.06"]
[PlyCount "49"]
1. e4 d6 2. d4 Nf6 3. Nc3 g6 4. Bg5 c6 5. Qd2 b5 6. Bd3 Nbd7 7. f4 b4 8. Nce2 Qb6 9. Nf3 Bg7 10. e5 Nd5 11. Bc4 a5 12. exd6 f6 13. Bh4 exd6 14. f5 Ba6 15. Bxa6 Qxa6 16. O-O O-O 17. fxg6 hxg6 18. Bg3 Rfe8 19. Rf2 Re6 20. Nf4 Bh6 21. Nh4 Nf8 22. Qd1 Bxf4 23. Bxf4 Nxf4 24. Rxf4 Rae8 25. Qf1 1/2-1/2

[Event "14th Rubinstein Memorial"]
[Site "Polanica Zdroj POL"]
[Date "1976.08.16"]
[Round "10"]
[White "Adamski, Jan"]
[Black "Giorgadze, Tamaz"]
[WhiteElo "2415"]
[BlackElo "2475"]
[Result "1/2-1/2"]
[EventDate "1976.08.06"]
[PlyCount "31"]
1. Nf3 d5 2. b3 Nf6 3. Bb2 Bf5 4. c4 e6 5. g3 c6 6. Bg2 h6 7. O-O Nbd7 8. d3 Be7 9. Nbd2 O-O 10. Qc2 Bh7 11. a3 a5 12. Bc3 c5 13. e4 dxe4 14. dxe4 Qc7 15. Rfe1 Rfd8 16. Qb2 1/2-1/2

[Event "14th Rubinstein Memorial"]
[Site "Polanica Zdroj POL"]
[Date "1976.08.16"]
[Round "10"]
[White "Doda, Zbigniew"]
[Black "Popov, Luben"]
[WhiteElo "2405"]
[BlackElo "2430"]
[Result "1/2-1/2"]
[EventDate "1976.08.06"]
[PlyCount "42"]
1. d4 d5 2. Nf3 Nf6 3. Bg5 Ne4 4. Bf4 e6 5. e3 Bd6 6. Bxd6 Qxd6 7. c3 Nd7 8. Nbd2 Nxd2 9. Qxd2 e5 10. dxe5 Nxe5 11. Nxe5 Qxe5 12. O-O-O Be6 13. Qd4 Qxd4 14. exd4 O-O 15. Bd3 Rfe8 16. Rde1 Bd7 17. Kd2 g6 18. Re5 c6 19. Rhe1 Kf8 20. Rxe8+ Rxe8 21. Rxe8+ Kxe8 1/2-1/2

[Event "14th Rubinstein Memorial"]
[Site "Polanica Zdroj POL"]
[Date "1976.08.16"]
[Round "10"]
[White "Suba, Mihai"]
[Black "Schmidt, Wlodzimierz"]
[WhiteElo "2450"]
[BlackElo "2485"]
[Result "1/2-1/2"]
[EventDate "1976.08.06"]
[PlyCount "44"]
1. c4 g6 2. e4 Bg7 3. d4 d6 4. Nc3 Nf6 5. h3 O-O 6. Bg5 c5 7. d5 b5 8. cxb5 a6 9. bxa6 Qa5 10. Qd2 Nbd7 11. Nf3 Bxa6 12. Bxa6 Qxa6 13. Bh6 Bxh6 14. Qxh6 Rfb8 15. Rb1 Nb6 16. b3 Nbd7 17. Qe3 Rb4 18. Rb2 Rab8 19. Re2 c4 20. O-O cxb3 21. axb3 Qb6 22. Qxb6 R8xb6 1/2-1/2

[Event "14th Rubinstein Memorial"]
[Site "Polanica Zdroj POL"]
[Date "1976.08.20"]
[Round "13"]
[White "Knezevic, Milorad"]
[Black "Knaak, Rainer"]
[WhiteElo "2460"]
[BlackElo "2520"]
[Result "1/2-1/2"]
[EventDate "1976.08.06"]
[PlyCount "28"]
1. d4 Nf6 2. Nf3 c5 3. c3 b6 4. dxc5 bxc5 5. e4 Nc6 6. Nbd2 Qc7 7. Bd3 g6 8. O-O Bg7 9. Re1 O-O 10. Nc4 d6 11. h3 Bb7 12. Bf4 Rad8 13. Qc2 Qc8 14. Rad1 Nd7 1/2-1/2

[Event "14th Rubinstein Memorial"]
[Site "Polanica Zdroj POL"]
[Date "1976.08.21"]
[Round "14"]
[White "Navarovszky, Laszlo"]
[Black "Kirov, Nino"]
[WhiteElo "2400"]
[BlackElo "2485"]
[Result "1/2-1/2"]
[EventDate "1976.08.06"]
[PlyCount "30"]
1. Nf3 g6 2. g3 Bg7 3. Bg2 Nf6 4. O-O d5 5. d4 O-O 6. c4 Nc6 7. cxd5 Nxd5 8. Nc3 Nb6 9. e3 Bg4 10. h3 Bxf3 11. Qxf3 e5 12. dxe5 Bxe5 13. Qe2 Qe7 14. Rb1 Rad8 15. Bd2 Nb4 1/2-1/2

[Event "14th Rubinstein Memorial"]
[Site "Polanica Zdroj POL"]
[Date "1976.08.23"]
[Round "15"]
[White "Filip, Miroslav"]
[Black "Timoshenko, Gennady"]
[WhiteElo "2495"]
[BlackElo "2515"]
[Result "1/2-1/2"]
[EventDate "1976.08.06"]
[PlyCount "37"]
1. d4 Nf6 2. c4 e6 3. Nf3 b6 4. g3 Bb7 5. Bg2 Be7 6. O-O O-O 7. Nc3 Ne4 8. Qc2 Nxc3 9. Qxc3 f5 10. b3 Bf6 11. Bb2 d6 12. Ne1 Bxg2 13. Nxg2 Nd7 14. Qd2 Qe7 15. Rad1 Bg5 16. Qc2 Nf6 17. Bc1 Bxc1 18. Qxc1 a5 19. Qc2 1/2-1/2